000 02038cam a22003735i 4500
999 _c28446
_d28417
001 17788790
003 EG-ScBUE
005 20201128024429.0
008 130624s2016 enk f b 001 0 eng d
020 _a9780415667494 (paperback)
040 _aDLC
_beng
_erda
_cDLC
_dDLC
_dEG-ScBUE
041 0 _aeng
_aara
082 0 4 _a492.782421
_bBAD
_222
100 1 _aBadawi, El-Said M.,
_eauthor.
_91504
245 1 0 _aModern written Arabic :
_ba comprehensive grammar /
_cElsaid Badawi, Michael G. Carter, and Adrian Gully ; revised by Maher Awad.
250 _aSecond edition.
250 _aRevised edition.
264 1 _aAbingdon, Oxon ;
_aNew York :
_bRoutledge / Taylor & Francis Group,
_c2016.
300 _axiii, 894 pages ;
_c25 cm.
336 _atext
_btxt
_2rdacontent
337 _aunmediated
_bn
_2rdamedia
338 _avolume
_bnc
_2rdacarrier
490 0 _aRoutledge comprehensive grammars
504 _aIncludes bibliographical references and indexes.
520 _a"Modern Standard Arabic is a complete reference guide to the grammar of modern written Arabic. The Grammar presents an accessible and systematic description of the language, focusing on real patterns of use in contemporary written Arabic, from street signs to literature. Examples are drawn from authentic texts, both literary and journalistic, published since 1990.This comprehensive work is an invaluable resource for intermediate and advanced students of Arabic and anyone interested in Arabic linguistics and the way modern standard Arabic works.Features include:comprehensive coverage of all parts of speechfull cross-referencingauthentic examples, given in Arabic script, transliteration and translationa detailed index"--
_cProvided by publisher.
546 _aText in English and Arabic.
650 7 _aArabic language
_xGrammar.
_2BUEsh
653 _bCOMAME
_bHHUUEENN
_cJuly2020
655 _vReading book
_934232
700 1 _aCarter, M. G.,
_eauthor.
700 1 _aGully, Adrian,
_eauthor.
700 1 _aAwad, Maher,
_eeditor.
942 _2ddc
_cBB